000 00649nam a2200241Ia 4500
003 OSt
005 20220918182237.0
006 a|||||r|||| 00| 0
007 ta
008 220917b |||||||| |||| 00| 0 eng d
024 _a31,405
037 _cTextual
040 _aARTS
_cARTS
_beng
041 _2eng
_aeng
082 _aO-,1:g, J4 (PD)
100 _aBlackmur R P
_923987
245 0 _aLanguage as gesture
_b essays in poetry
260 _aLondon
_bGeorge Allen and Unwin
_c1954
300 _a440p.
_ccm.
650 _aENGLISH LITERATURE
942 _hO-,1:g, J4 (PD)
_cTEXL
_2CC
999 _c168265
_d168265